000 01033nam a2200301 a 4500
001 1970645
003 OSt
005 20230704154457.0
008 880601s1987 it a bs i000 0 eng
010 _a 88145419
020 _a925102393X
040 _aDLC
_cDLC
_dDLC
043 _ad------
082 0 0 _a363.8
_bFAO
245 0 4 _aThe Fifth world food survey.
260 _aRome :
_bFood and Agriculture Organization of the United Nations ;
_a[Ann Arbor, MI :
_bUNIPUB, distributor],
_c1987.
300 _aviii, 75 p. :
_bill. ;
_c30 cm.
500 _aCover title: 1985, the fifth world food survey.
504 _aIncludes bibliographical references (p. 73-75).
650 0 _aFood supply.
650 0 _aFood supply
_zDeveloping countries.
650 0 _aMalnutrition.
650 0 _aMalnutrition
_zDeveloping countries.
740 0 _a1985, the fifth world food survey.
906 _a7
_bcbc
_corignew
_d2
_encip
_f19
_gy-gencatlg
942 _2ddc
_cBK
999 _c3913
_d3913